[Event "Challenge"]
[Site "http://www.queenalice.com/game.php?id=1863076"]
[Date "2025.9.16"]
[Round "-"]
[White "Mr_SPOCK"]
[Black "crisvolei"]
[Result "1-0"]
[WhiteElo "1748"]
[BlackElo "1591"]

1. e4 e5 2. Bc4 Nh6 3. d3 Bc5 4. Bxh6 gxh6 5. Qh5 Qf6 6. Nh3 d5 7. Nd2 Bxh3 8.
O-O-O Bxg2 9. Rhg1 Qxf2 10. Bxd5 O-O 11. Qg4+ Kh8 12. Rxg2 Qf4 13. Qg7# 1-0

[Event "Challenge"]
[Site "http://www.queenalice.com/game.php?id=1863212"]
[Date "2025.9.19"]
[Round "-"]
[White "Mr_SPOCK"]
[Black "crisvolei"]
[Result "0-1"]
[WhiteElo "1772"]
[BlackElo "1542"]

1. e4 e5 2. Nc3 Qf6 3. Nf3 g5 4. Nd5 Qd6 5. Nxg5 Nh6 6. Qf3 f5 7. Bc4 Bg7 8.
exf5 c6 9. f6 Bf8 10. f7+ Kd8 11. Nf6 b5 12. Bxb5 Bb7 13. Bc4 Qd4 14. Be6 a5 15.
c3 Qf4 16. Qd3 Qxf6 17. Ne4 Qxe6 18. Ng5 Qf6 19. h4 Ng4 20. f3 Nf2 21. Kxf2 d5
22. Rh3 Bc5+ 23. Ke1 Ba6 24. c4 e4 25. Nxe4 Qe6 26. b3 Nd7 27. Rg3 Qxf7 28. Bb2
Re8 29. Kd1 dxc4 30. Qc3 Qd5 31. Rg5 Qd3 32. Qc1 Qf1+ 33. Kc2 Qd3+ 34. Kd1 a4
35. Rxc5 Nxc5 36. Nxc5 Qf1+ 37. Kc2 cxb3+ 38. axb3 Qxc1+ 39. Rxc1 axb3+ 40. Kxb3
Bb5 41. Nb7+ Kc7 42. Nc5 Re2 43. g4 Rxd2 44. Be5+ Kd8 45. Bf6+ Ke8 46. Bc3 Rf2
47. Re1+ Kf7 48. Ne4 Rxf3 49. Ng5+ Kf8 50. Nxf3 c5 51. Re4 Re8 52. Rf4+ Kg8 53.
Be5 Be2 54. Bd6 c4+ 55. Rxc4 Bxc4+ 56. Kxc4 Re4+ 57. Kd5 Rxg4 58. Ke5 h5 59. Be7
Kg7 60. Ng5 Rg1 61. Nf3 Rg2 62. Nd4 Kf7 63. Bd6 Rg4 64. Nf5 Ra4 65. Be7 Ra5+ 66.
Kf4 Ke6 67. Bb4 Ra4 68. Ng7+ Kd5 69. Kg5 Rxb4 70. Nxh5 Ke5 71. Ng3 Rf4 72. h5
Rf3 73. Kg4 Rf8 74. Ne2 Rg8+ 75. Kf3 Rh8 76. Nf4 Kf5 77. Kg3 Rh7 78. Kf3 Kg5 79.
Ke4 Rf7 80. h6 Kxh6 81. Ke5 Kg5 82. Ne6+ Kg4 83. Kd6 Kf5 84. Nd4+ Ke4 85. Ne2
Rf6+ 86. Kc5 Rf5+ 87. Kc4 Rf3 88. Nc3+ Ke5 89. Nd5 Ke6 90. Nc7+ Kf5 91. Kd4 Rf4+
92. Kc5 Rf1 93. Kd6 Rd1+ 94. Ke7 Rc1 95. Nd5 Re1+ 96. Kf7 Re5 97. Ne7+ Kg5 98.
Ng6 Rf5+ 99. Kg7 Rf6 100. Ne7 Ra6 101. Nd5 Ra7+ 102. Kf8 Kg6 103. Ne7+ Kf6 104.
Ng8+ Ke6 105. Nh6 Ra8+ 106. Kg7 Ra7+ 107. Kf8 Rc7 108. Ke8 Rc8# 0-1

[Event "Challenge"]
[Site "http://www.queenalice.com/game.php?id=1863249"]
[Date "2025.9.20"]
[Round "-"]
[White "crisvolei"]
[Black "Mr_SPOCK"]
[Result "0-1"]
[WhiteElo "1569"]
[BlackElo "1764"]

1. e4 e5 2. d4 exd4 3. Qxd4 Nc6 4. Qd5 Nf6 5. Qf5 d5 6. Qf4 Nxe4 7. Bb5 Bd6 8.
Qf3 Bd7 9. Ne2 Ne5 10. Bxd7+ Qxd7 11. Nd4 Nxf3+ 12. gxf3 Nf6 13. Bg5 Qe7+ 14.
Be3 O-O-O 15. Nf5 Qe5 16. Nxd6+ Rxd6 17. Nc3 d4 18. f4 Qf5 19. O-O-O Rhd8 20.
Ne2 dxe3 21. fxe3 Ng4 22. Nd4 Rxd4 23. Rxd4 Nxe3 24. Rxd8+ Kxd8 25. Kd2 Qxf4 26.
Ke2 Nc4 27. Rd1+ Nd6 28. c3 Ke7 29. b3 Ne4 30. c4 Nc3+ 0-1

[Event "Challenge"]
[Site "http://www.queenalice.com/game.php?id=1863311"]
[Date "2025.9.24"]
[Round "-"]
[White "TammieM3ENF"]
[Black "Mr_SPOCK"]
[Result "0-1"]
[WhiteElo "1565"]
[BlackElo "1775"]

1. d4 g6 2. e4 Bg7 3. Nc3 Nc6 4. Nf3 Nf6 5. Be2 O-O 6. Bd2 d5 7. exd5 Nxd5 8.
Nxd5 Qxd5 9. Ne5 Nxd4 10. a4 Qxg2 11. Rf1 Bxe5 12. b4 Bh3 13. Ra3 Qxh2 14. c3
Nf5 15. c4 Ng3 16. fxg3 Rad8 17. a5 Bxg3+ 18. Rf2 Qxf2# 0-1

[Event "Challenge"]
[Site "http://www.queenalice.com/game.php?id=1863817"]
[Date "2025.10.4"]
[Round "-"]
[White "Mr_SPOCK"]
[Black "Carlos19"]
[Result "1-0"]
[WhiteElo "1792"]
[BlackElo "1612"]

1. e4 e5 2. Qh5 Nf6 3. Qxe5+ Be7 4. Nc3 Nc6 5. Qf4 O-O 6. Bd3 d5 7. exd5 Nb8 8.
Nf3 h6 9. Ne4 Qxd5 10. O-O g5 11. Qg3 g4 12. b3 Kh8 13. Bb2 h5 14. Nfg5 Kg7 15.
Qh4 Bf5 16. Qxh5 Rh8 17. Ne6+ fxe6 18. Qg5+ Bg6 19. Nxf6 Qxg5 20. Ne4+ Kh6 21.
Nxg5 Bxd3 22. Nf7+ Kh5 23. Bxh8 Bxc2 24. Rac1 Bd3 25. Rfe1 Nc6 26. Rxe6 Ba3 27.
Rh6# 1-0

[Event "Challenge"]
[Site "http://www.queenalice.com/game.php?id=1863897"]
[Date "2025.10.7"]
[Round "-"]
[White "crisvolei"]
[Black "Mr_SPOCK"]
[Result "1-0"]
[WhiteElo "1545"]
[BlackElo "1807"]

1. e4 e5 2. c3 Bc5 3. Nf3 Nf6 4. Nxe5 Nxe4 5. d4 Qf6 6. f4 Bb6 7. Bd3 Nd6 8. Be3
c5 9. Na3 O-O 10. h4 cxd4 11. cxd4 Nc6 12. Qg4 Ba5+ 13. Bd2 Re8 14. O-O-O Bb6
15. Rhe1 Nxd4 16. Nxd7 Bxd7 17. Qxd7 Rad8 18. Rxe8+ Nxe8 19. Qxb7 Nd6 20. Qa6
Rc8+ 21. Nc4 g6 22. h5 Rc6 23. h6 N6f5 24. g4 Ne7 25. Kb1 Bc7 26. Qxa7 Ne6 27.
Ne5 Nc8 28. Qb7 Ne7 29. Nxc6 Nd5 30. g5 Qe7 31. Nxe7+ Nxe7 32. Bb4 Kf8 33. Bb5
f5 34. Qc6 Kg8 35. Qe8+ Nf8 36. Bc4+ Kh8 37. Qxf8+ Ng8 38. Bc3+ Be5 39. Qxg8#
1-0

[Event "Challenge"]
[Site "http://www.queenalice.com/game.php?id=1863898"]
[Date "2025.10.7"]
[Round "-"]
[White "TammieM3ENF"]
[Black "Mr_SPOCK"]
[Result "0-1"]
[WhiteElo "1546"]
[BlackElo "1779"]

1. d4 d5 2. b4 e5 3. dxe5 Bxb4+ 4. c3 Ba5 5. f4 d4 6. a3 Bg4 7. h3 Bh5 8. g4 Nd7
9. gxh5 Qe7 10. f5 O-O-O 11. e4 dxe3 12. f6 Ndxf6 13. exf6 Qxf6 14. Be2 Qf2# 0-1

[Event "Challenge"]
[Site "http://www.queenalice.com/game.php?id=1864283"]
[Date "2025.10.15"]
[Round "-"]
[White "TammieM3ENF"]
[Black "Mr_SPOCK"]
[Result "0-1"]
[WhiteElo "1556"]
[BlackElo "1801"]

1. d4 d5 2. Nf3 Nc6 3. b3 Nf6 4. Ne5 g6 5. a4 Bg7 6. c3 O-O 7. b4 a5 8. b5 Na7
9. c4 b6 10. c5 Ne4 11. cxb6 cxb6 12. Ra2 Qd6 13. Nf3 Bg4 14. Ba3 Qf6 15. Nc3
Nxc3 16. Qd2 Nxa2 17. Qxa2 Rad8 18. e4 dxe4 19. Ne5 Rxd4 20. Nf3 exf3 21. h3
fxg2 22. Bxg2 Rd1# 0-1

[Event "Challenge"]
[Site "http://www.queenalice.com/game.php?id=1864328"]
[Date "2025.10.16"]
[Round "-"]
[White "Carlos19"]
[Black "Mr_SPOCK"]
[Result "1-0"]
[WhiteElo "1572"]
[BlackElo "1766"]

1. e4 e5 2. Qf3 Nf6 3. Nc3 Bc5 4. h3 Bd4 5. d3 d6 6. Bg5 Nc6 7. a3 a5 8. Nb5
Bxb2 9. Rb1 Bxa3 10. Nxa3 Nd4 11. Qd1 Ra6 12. Nf3 O-O 13. c4 c5 14. Nxd4 cxd4
15. Nb5 a4 16. Bxf6 Qxf6 17. f3 Ra5 18. Qd2 Qh4+ 19. Kd1 b6 20. Nc7 Ra7 21. Nb5
Re7 22. Nxd6 a3 23. Nxc8 Rxc8 24. Qb4 Rb8 25. Qxa3 h6 26. Qa6 Reb7 27. Qb5 Qf4
28. Qd5 h5 29. Rb5 Re7 30. Qd6 Ree8 31. Rxb6 Rbd8 32. Qb4 Ra8 33. Qd2 Qg3 34. h4
Ra1+ 35. Ke2 Rea8 36. Rh3 Re1+ 37. Qxe1 Ra2+ 38. Kd1 Qf4 39. Rb1 Qf6 40. Qg3 Qh6
41. Qg5 Qa6 42. Rb8+ Kh7 43. Qxh5+ Qh6 44. Qxh6+ Kxh6 45. Rb7 Ra1+ 46. Ke2 Kg6
47. Rg3+ Kf6 48. Rg5 g6 49. Rb6+ Kg7 50. Rxe5 Ra2+ 51. Ke1 Ra1+ 52. Kf2 Ra2+ 53.
Be2 Kh6 54. f4 Kg7 55. h5 Kh6 56. g4 Ra1 57. g5+ Kh7 58. hxg6+ fxg6 59. Re7+ Kg8
60. Rb8# 1-0

[Event "Challenge"]
[Site "http://www.queenalice.com/game.php?id=1865001"]
[Date "2025.11.2"]
[Round "-"]
[White "Mr_SPOCK"]
[Black "TammieM3ENF"]
[Result "1-0"]
[WhiteElo "1765"]
[BlackElo "1530"]

1. e4 Nf6 2. e5 Ne4 3. d4 d6 4. Nf3 f5 5. exf6 gxf6 6. d5 f5 7. Nd4 f4 8. Bxf4
e5 9. dxe6 d5 10. Qh5+ Ke7 11. Qf7# 1-0

[Event "Challenge"]
[Site "http://www.queenalice.com/game.php?id=1865234"]
[Date "2025.11.5"]
[Round "-"]
[White "crisvolei"]
[Black "Mr_SPOCK"]
[Result "0-1"]
[WhiteElo "1563"]
[BlackElo "1749"]

1. e4 e5 2. Qf3 Nf6 3. Bc4 Nc6 4. c3 Bc5 5. Nh3 d6 6. Ng5 O-O 7. Nxf7 Rxf7 8.
Bxf7+ Kxf7 9. d4 Bg4 10. Qe3 exd4 11. cxd4 Nxd4 12. Nc3 Nc2+ 13. Kd2 Nxe3 14.
fxe3 Bb4 15. Rf1 Kg6 16. h4 Nxe4+ 17. Kc2 Ng3 18. Rf4 Qxh4 19. Rxb4 Bf5+ 20. e4
Bg4 21. Rxb7 Nf1 22. Kb3 a5 23. Rxc7 a4+ 24. Ka3 Ra6 25. Bf4 Qf2 26. Nd5 Qxg2
27. Ne7+ Kh5 28. Nf5 Bxf5 29. exf5 Qf3+ 30. Rc3 Qxf4 31. Rac1 d5 32. Rc6 Ra5 33.
R6c5 Ne3 34. Rxa5 Nc4+ 35. Kxa4 Nxa5+ 36. Kxa5 Qxc1 37. b4 Qa3+ 38. Kb5 Qd3+ 39.
Kc6 Qxf5 40. b5 d4 41. b6 d3 42. b7 Qe4+ 43. Kc7 Qxb7+ 44. Kxb7 d2 0-1

[Event "Challenge"]
[Site "http://www.queenalice.com/game.php?id=1865371"]
[Date "2025.11.9"]
[Round "-"]
[White "TammieM3ENF"]
[Black "Mr_SPOCK"]
[Result "0-1"]
[WhiteElo "1526"]
[BlackElo "1742"]

1. d4 Nf6 2. e3 Ne4 3. f3 Nd6 4. e4 g6 5. e5 Nf5 6. d5 Bg7 7. e6 fxe6 8. dxe6 d5
9. Na3 Bxe6 10. c4 d4 11. b4 Bf7 12. b5 c6 13. c5 Qa5+ 14. Bd2 Qxa3 15. g4 Nh6
16. g5 Qxc5 17. f4 Nf5 18. h3 O-O 19. h4 cxb5 20. a4 b4 21. a5 Nd7 22. a6 b5 23.
h5 Ng3 24. Rh3 Nxf1 25. Kxf1 Ne5 26. fxe5 Bc4+ 27. Ke1 Qxe5+ 28. Ne2 Qf5 29.
Bxb4 Qxh3 30. Bxe7 Rf1+ 31. Kd2 Qd3+ 32. Kc1 Rxd1+ 33. Kb2 Qb3# 0-1

[Event "Challenge"]
[Site "http://www.queenalice.com/game.php?id=1865962"]
[Date "2025.11.21"]
[Round "-"]
[White "Mr_SPOCK"]
[Black "Carlos19"]
[Result "1-0"]
[WhiteElo "1772"]
[BlackElo "1590"]

1. e4 e5 2. Qh5 Nf6 3. Qxe5+ Qe7 4. Qxc7 Qxe4+ 5. Ne2 Qc6 6. Qe5+ Qe6 7. Qc3 Nc6
8. a3 Bd6 9. d3 O-O 10. Be3 Be5 11. d4 Bd6 12. g3 Ne4 13. Qd3 Qd5 14. Bg2 Qa5+
15. c3 f5 16. Qc4+ Kh8 17. Bxe4 fxe4 18. O-O b5 19. Qd5 Rf6 20. Qxe4 h5 21. Qe8+
Rf8 22. Qxh5+ Kg8 23. Qd5+ Rf7 24. Qxd6 Qa4 25. Nd2 Qc2 26. Rab1 Rf6 27. Qd5+
Kh7 28. Rfc1 Qg6 29. Nf4 Qf5 30. Qg2 d6 31. Ne4 Rh6 32. h4 a5 33. Ng5+ Kg8 34.
Qxc6 Ra6 35. Qd5+ Kh8 36. Nf7+ Kh7 37. Nxh6 Qxd5 38. Nxd5 Be6 39. Nc7 Rc6 40.
Nxe6 d5 41. Nf8+ Kh8 42. Nf5 g6 43. Ne7 Ra6 44. h5 gxh5 45. Bf4 Kg7 46. Nd7 Kf7
47. Nxd5 Ke6 48. N7b6 a4 49. Re1+ Kf7 50. Re7+ Kf8 51. Bh6+ Kg8 52. Nf6+ Kh8 53.
Re8# 1-0

[Event "Challenge"]
[Site "http://www.queenalice.com/game.php?id=1866029"]
[Date "2025.11.23"]
[Round "-"]
[White "Mr_SPOCK"]
[Black "TammieM3ENF"]
[Result "1-0"]
[WhiteElo "1758"]
[BlackElo "1515"]

1. e4 e5 2. Qh5 g6 3. Qxe5+ Be7 4. Qxh8 Bh4 5. Qxg8+ Ke7 6. Qxh7 d5 7. Qxh4+ Kd6
8. Qxd8+ Kc6 9. Qxd5+ Kb6 10. Na3 c6 11. Qd8+ Kc5 12. d4+ Kb4 13. c3+ Ka4 14.
b3# 1-0

[Event "Challenge"]
[Site "http://www.queenalice.com/game.php?id=1866169"]
[Date "2025.11.25"]
[Round "-"]
[White "TammieM3ENF"]
[Black "Mr_SPOCK"]
[Result "0-1"]
[WhiteElo "1538"]
[BlackElo "1764"]

1. d4 e5 2. d5 Bd6 3. c4 Nf6 4. c5 Bxc5 5. e3 O-O 6. d6 cxd6 7. a4 d5 8. b4
Bxb4+ 9. Bd2 Qa5 10. Ra2 a6 11. Rb2 Nc6 12. e4 Nxe4 13. Rxb4 Qc5 14. g4 Qxf2#
0-1

[Event "Challenge"]
[Site "http://www.queenalice.com/game.php?id=1866233"]
[Date "2025.11.27"]
[Round "-"]
[White "Mr_SPOCK"]
[Black "TammieM3ENF"]
[Result "1-0"]
[WhiteElo "1781"]
[BlackElo "1473"]

1. e4 e5 2. Bc4 c6 3. Qf3 d5 4. exd5 cxd5 5. Bxd5 Be6 6. Bxb7 Nd7 7. Bxa8 g6 8.
Nh3 e4 9. Qxe4 f5 10. Qa4 h6 11. Nf4 Bf7 12. O-O g5 13. Re1+ Ne7 14. Nh3 g4 15.
Nf4 h5 16. d4 h4 17. d5 g3 18. d6 Be6 19. Rxe6 h3 20. gxh3 Qxa8 21. fxg3 Qc6 22.
Qxc6 Rg8 23. Nh5 f4 24. Nf6+ Kf7 25. Qxd7 Kg6 26. Nxg8+ Kg7 27. dxe7 Kxg8 28.
Rg6+ Bg7 29. e8=Q+ Kh7 30. Qxg7# 1-0